000 01336cam a22002054a 4500
005 20250605164116.0
008 250528s ||||||||||||||||||||||||d
035 _a18087
020 _a1841691925
040 _aGR-AtMCL
_bgre
_dGR-AtMCL
_eAACR2
245 1 _aDevelopmental Psychology / A Student's Handbook
260 _bPsychology Press, Ltd,
_c2002
300 _a372
520 _aAn up-to-date account of theory and research in the rapidly-changing field of child development. Preface, A Framework for Developmental Psychology, A Brief History of Developmental Psychology, Developmental Psychology in the 20th Century, Observing and Modelling Developmental Change, Early Development, Development from Conception to Birth, Cognitive Development in Infancy, Early Social Development, The Beginnings of Language Development, The Preschool Years, Language Development in the Preschool Years, Cognitive Development in the Preschool Years, Social Development in the Preschool Years, The School Years, Congitive Development in Middle Childhood, Learning to Read and Spell, Learning to Do Mathematics, Social Development in the School Years, Adolescence, References, Glossary, Author and Subject Index.
700 1 _aButterworth George
_94369
700 1 _aHarris Margaret
_94370
942 _cBK
999 _c3472
_d3472